000 00569nam a22002057a 4500
003 OSt
020 _a052120601
082 _a599.05
_bGOL/SM
245 _aSmall mammals:
_btheir productivity and population dynamics
260 _aLondon
_bCambridge University Press
_c1975
300 _axxv, 451p.
440 _aInternational Biological Programme
_vV.5
546 _aEnglish
650 _aMammal populations
650 _aMorpho - physiological characteristics
700 _aGolley, F B
700 _aPetrusewicz, K
700 _aRyszkowski
942 _2ddc
_cBK
999 _c162574
_d162574